Human Sectional Anatomy : (Record no. 91)

MARC details
000 -LEADER
fixed length control field 00930cam a22003014a 4500
001 - CONTROL NUMBER
control field 16116794
003 - CONTROL NUMBER IDENTIFIER
control field OSt
005 - DATE AND TIME OF LATEST TRANSACTION
control field 20190918124753.0
008 - FIXED-LENGTH DATA ELEMENTS--GENERAL INFORMATION
fixed length control field 100303r20092007enka 000 0 eng
010 ## - LIBRARY OF CONGRESS CONTROL NUMBER
LC control number 2010291543
015 ## - NATIONAL BIBLIOGRAPHY NUMBER
National bibliography number GBA974084
Source bnb
016 7# - NATIONAL BIBLIOGRAPHIC AGENCY CONTROL NUMBER
Record control number 015336679
Source Uk
020 ## - INTERNATIONAL STANDARD BOOK NUMBER
International Standard Book Number 9780340985168 (pbk.)
020 ## - INTERNATIONAL STANDARD BOOK NUMBER
International Standard Book Number 034098516X (pbk.)
035 ## - SYSTEM CONTROL NUMBER
System control number (OCoLC)ocn428776368
040 ## - CATALOGING SOURCE
Original cataloging agency UKM
Transcribing agency UKM
Modifying agency DLC
042 ## - AUTHENTICATION CODE
Authentication code lccopycat
082 04 - DEWEY DECIMAL CLASSIFICATION NUMBER
Classification number QS17 E59h 2009
100 1# - MAIN ENTRY--PERSONAL NAME
Personal name Ellis, Harold; Logan, B. M.; Dixon, Adrian K.
Dates associated with a name 1926-
9 (RLIN) 267
245 10 - TITLE STATEMENT
Title Human Sectional Anatomy :
Remainder of title pocket atlas of body sections, CT and MRI images
250 ## - EDITION STATEMENT
Edition statement 3rd ed.
260 ## - PUBLICATION, DISTRIBUTION, ETC. (IMPRINT)
Place of publication, distribution, etc. London :
Name of publisher, distributor, etc. Hodder Arnold,
Date of publication, distribution, etc. 2009.
300 ## - PHYSICAL DESCRIPTION
Extent xvii, 267 p. :
Other physical details col.ill. ;
Dimensions 25 cm.
504 ## - BIBLIOGRAPHY, ETC. NOTE
Bibliography, etc Includes bibliographical references and index.
650 #0 - SUBJECT ADDED ENTRY--TOPICAL TERM
Topical term or geographic name as entry element Human anatomy atlas
9 (RLIN) 151
906 ## - LOCAL DATA ELEMENT F, LDF (RLIN)
a 7
b cbc
c copycat
d 2
e ncip
f 20
g y-gencatlg
942 ## - ADDED ENTRY ELEMENTS (KOHA)
Source of classification or shelving scheme Other/Generic Classification Scheme
Koha item type Open Shelf
Holdings
Withdrawn status Lost status Source of classification or shelving scheme Damaged status Not for loan Home library Current library Date acquired Source of acquisition Inventory number Total Checkouts Full call number Barcode Date last seen Koha item type
    Other/Generic Classification Scheme     MUST Main Library MUST Main Library 01/07/2014 Donation 13/37412   QS17 E59h 2009 2014-0113 01/07/2014 Open Shelf
    Other/Generic Classification Scheme     MUST Main Library MUST Main Library 01/07/2014 Donation 13/37409   QS17 E59h 2009 2014-0115 01/07/2014 Open Shelf
    Other/Generic Classification Scheme     MUST Main Library MUST Main Library 01/07/2014 Donation 13/37410   QS17 E59h 2009 2014-0116 01/07/2014 Open Shelf
    Other/Generic Classification Scheme     MUST Main Library MUST Main Library 01/07/2014 Donation 13/37411   QS17 E59h 2009 2014-0117 01/07/2014 Open Shelf
    Other/Generic Classification Scheme     MUST Main Library MUST Main Library 01/07/2014 Donation 12/36142   QS17 E59h 2009 2014-0118 01/07/2014 Open Shelf
    Other/Generic Classification Scheme     MUST Main Library MUST Main Library 01/07/2014 Donation 11/35472   QS17 E59h 2009 2014-0119 01/07/2014 Open Shelf
    Other/Generic Classification Scheme     MUST Main Library MUST Main Library 01/07/2014 Donation 11/35148   QS17 E59h 2009 2014-0120 01/07/2014 Open Shelf